00996nam a2200265 i 4500003000900000005001700009007000300026008004100029040003000070082002400100100005900124245005300183264006300236300002700299336002700326337003500353338002900388590002700417650002700444650003100471910000700502942001400509952019000523999001700713DO-SdBNP20250206095451.0ta090716s2023 dr a 000 f spa d aDO-SdBNPbspacBNPHUerda 4aRD863.5bA577h 2221 aAndújar, R. Emmanuel |q (Rey Emmanuel)eautor9666813aEl hombre triángulo /cRey Emmanuel Andújar. 1aEstados Unidos de América : bessential Icon Pressc2003 a64 páginas ;c22 cm. 2rdacontentatextobtxt 2rdamedia asin mediación bn 2rdacarrieravolumen bnc aInventariado, 2024 /DG 4aNovela dominicana9223 4aLiteratura dominicana.967 aDG 2ddccLBS1 00102ddc51708PDaBNPHUbBNPHUcCTd2024-12-19l0oBNPHU PD RD863.5 A577h p2024-7060r2024-12-19w2024-12-19yLBS1zPertenecio a la biblioteca personal de René Rodríguez Soriano c57981d57981